Guess the Harry Potter Movies by Scene #6 - Statistics

General Stats
  • This quiz has been taken 120 times
  • The average score is 19 of 20
Answer Stats
Picture Answer % Correct
Order of the Phoenix
100%
Philosopher's Stone
100%
Prisoner of Azkaban
100%
Chamber of Secrets
97%
Goblet of Fire
97%
Goblet of Fire
97%
Prisoner of Azkaban
97%
Chamber of Secrets
94%
Order of the Phoenix
94%
Philosopher's Stone
94%
Chamber of Secrets
91%
Deathly Hallows – Part 1
91%
Deathly Hallows – Part 2
91%
Deathly Hallows – Part 2
91%
Half-Blood Prince
91%
Order of the Phoenix
91%
Prisoner of Azkaban
91%
Prisoner of Azkaban
91%
Deathly Hallows – Part 1
88%
Order of the Phoenix
88%
No matching quizzes found
Score Distribution
Percent of People with Each Score
Percentile by Number Answered
Your Score History
You have not taken this quiz